• 首页
  • 本馆介绍
  • 公告通知
  • 最新文献
  • 馆藏检索
  • 电子资源
  • 读者导购
  • 参考咨询
  • 我的图书馆
  • 登录
  • 详细信息显示
  • 放入我的书架
  • 预约/预借图书
  • 作者相关作品
  • 分类相关作品
  • 丛书相关作品
  • 出版社相关作品

书目信息

  • 表格格式
  • 工作单格式
  • 卡片格式
题名:
拉普拉塔的博物学家
    
 
作者: 赫德森 著 ;胡雪娇 译
分册:  
出版信息: 北京   电子工业出版社  2019
页数: 230页
开本: 24cm
丛书名:
单 册:
中图分类: N31-53 , N31-53
科图分类:
主题词: 自然科学--调查方法--科学考察--文集--自然科学--调查方法 , 自然科学--工作方法
电子资源:
ISBN: 978-7-121-36272-9
000 00760nam0 2200241 450
001 2343315965
005 20231129120242.48
010    @a978-7-121-36272-9@b精装@dCNY68.00
100    @a20190731d2019 em y0chiy50 ea
101 1  @achi@ceng
102    @aCN@b110000
105    @ay z 000yy
200 1  @a拉普拉塔的博物学家@Ala pu la ta de bo wu xue jia@f(英)威廉·亨利·赫德森著@g胡雪娇译
210    @a北京@c电子工业出版社@d2019
215    @a230页@d24cm
606 0  @a自然科学@x调查方法@x科学考察@j文集@a自然科学@x调查方法
606 0  @a自然科学@x工作方法
690    @aN31-53@v5
690    @aN31-53@v4
701  1 @c(英)@a赫德森@Ahe de sen@b威廉·亨利@4著
702  0 @a胡雪娇@Ahu xue jiao@4译
801  0 @aCN@b山东中教@c20231126
905    @aBZT@dN31-53@e2
    
    拉普拉塔的博物学家/(英)威廉·亨利·赫德森著/胡雪娇译.-北京:电子工业出版社,2019
    230页;24cm
    
    
    ISBN 978-7-121-36272-9(精装):CNY68.00
    
●
相关链接 在五车中查询图书 在当当中查询图书 在豆瓣中查询图书


正题名:拉普拉塔的博物学家     索取号:N31-53/2         预约/预借

序号 登录号 条形码 馆藏地/架位号 状态 备注
1 2001144599   2001144599   中教(第二批第二书库)/山东中教(第二书库)/637/ [索取号:N31-53/2] 在馆    
2 2001144600   2001144600   中教(第二批第二书库)/山东中教(第二书库)/637/ [索取号:N31-53/2] 在馆    
3 2001144601   2001144601   中教(第二批第二书库)/山东中教(第二书库)/637/ [索取号:N31-53/2] 在馆    
4 2001144602   2001144602   中教(第二批第二书库)/山东中教(第二书库)/637/ [索取号:N31-53/2] 在馆    
5 2001144603   2001144603   中教(第二批第二书库)/山东中教(第二书库)/637/ [索取号:N31-53/2] 在馆    
6 2001144604   2001144604   中教(第二批第二书库)/山东中教(第二书库)/637/ [索取号:N31-53/2] 在馆    
7 2001144605   2001144605   中教(第二批第二书库)/山东中教(第二书库)/637/ [索取号:N31-53/2] 在馆    
8 2001144606   2001144606   中教(第二批第二书库)/山东中教(第二书库)/637/ [索取号:N31-53/2] 在馆    
9 2001144607   2001144607   中教(第二批第二书库)/山东中教(第二书库)/637/ [索取号:N31-53/2] 在馆    
10 2001144608   2001144608   中教(第二批第二书库)/山东中教(第二书库)/637/ [索取号:N31-53/2] 在馆    
11 2001144609   2001144609   中教(第二批第二书库)/山东中教(第二书库)/637/ [索取号:N31-53/2] 在馆    
12 2001144610   2001144610   中教(第二批第二书库)/山东中教(第二书库)/637/ [索取号:N31-53/2] 在馆    
13 2001144611   2001144611   中教(第二批第二书库)/山东中教(第二书库)/637/ [索取号:N31-53/2] 在馆    
14 2001144612   2001144612   中教(第二批第二书库)/山东中教(第二书库)/637/ [索取号:N31-53/2] 在馆    
15 2001144613   2001144613   中教(第二批第二书库)/山东中教(第二书库)/637/ [索取号:N31-53/2] 在馆    
16 2001144614   2001144614   中教(第二批第二书库)/山东中教(第二书库)/637/ [索取号:N31-53/2] 在馆    
17 2001144615   2001144615   中教(第二批第二书库)/山东中教(第二书库)/637/ [索取号:N31-53/2] 在馆    
18 2001144616   2001144616   中教(第二批第二书库)/山东中教(第二书库)/637/ [索取号:N31-53/2] 在馆    
19 2001144617   2001144617   中教(第二批第二书库)/山东中教(第二书库)/637/ [索取号:N31-53/2] 在馆    
20 2001144618   2001144618   中教(第二批第二书库)/山东中教(第二书库)/637/ [索取号:N31-53/2] 在馆    
21 2001144619   2001144619   中教(第二批第二书库)/山东中教(第二书库)/637/ [索取号:N31-53/2] 在馆    
22 2001144620   2001144620   中教(第二批第二书库)/山东中教(第二书库)/637/ [索取号:N31-53/2] 在馆    
23 2001144621   2001144621   中教(第二批第二书库)/山东中教(第二书库)/637/ [索取号:N31-53/2] 在馆    
24 2001144622   2001144622   中教(第二批第二书库)/山东中教(第二书库)/637/ [索取号:N31-53/2] 在馆    
25 2001144623   2001144623   中教(第二批第二书库)/山东中教(第二书库)/637/ [索取号:N31-53/2] 在馆    
26 2001144624   2001144624   中教(第二批第二书库)/山东中教(第二书库)/637/ [索取号:N31-53/2] 在馆    
27 2001144625   2001144625   中教(第二批第二书库)/山东中教(第二书库)/637/ [索取号:N31-53/2] 在馆    
28 2001144626   2001144626   中教(第二批第二书库)/山东中教(第二书库)/637/ [索取号:N31-53/2] 在馆    
29 2001144627   2001144627   中教(第二批第二书库)/山东中教(第二书库)/637/ [索取号:N31-53/2] 在馆    
30 2001144628   2001144628   中教(第二批第二书库)/山东中教(第二书库)/637/ [索取号:N31-53/2] 在馆    
山东省滨州职业学院图书馆 欢迎您!
大连网信软件有限公司© 版权所有